| Tag |
First Indicator |
Second Indicator |
Subfields |
| LEADER |
00000cam a2200000 a 4500 |
| 001 |
in00001447421 |
| 005 |
20151021050351.0 |
| 008 |
981217s1998 fr a 000 0 eng d |
| 020 |
|
|
|a 9264161325
|
| 035 |
|
|
|a (OCoLC)40512453
|
| 035 |
|
|
|9 AJD3318AM
|
| 040 |
|
|
|a MUB
|c MUB
|d TXA
|d UtOrBLW
|
| 043 |
|
|
|a e-sz---
|
| 049 |
|
|
|a TXAM
|
| 090 |
|
|
|a TD171.5.S9
|b E58 1998
|
| 245 |
0 |
0 |
|a Environmental performance reviews.
|p Switzerland.
|
| 246 |
3 |
0 |
|a Switzerland
|
| 264 |
|
1 |
|a Paris, France :
|b Organisation for Economic Co-operation and Development,
|c [1998]
|
| 264 |
|
4 |
|c ©1998
|
| 300 |
|
|
|a 226 pages :
|b illustrations ;
|c 23 cm.
|
| 336 |
|
|
|a text
|b txt
|2 rdacontent
|
| 337 |
|
|
|a unmediated
|b n
|2 rdamedia
|
| 338 |
|
|
|a volume
|b nc
|2 rdacarrier
|
| 650 |
|
0 |
|a Ecology
|z Switzerland.
|
| 650 |
|
0 |
|a Environmental policy
|z Switzerland.
|
| 650 |
|
0 |
|a Environmental protection
|z Switzerland.
|
| 710 |
2 |
|
|a Organisation for Economic Co-operation and Development.
|
| 948 |
|
|
|a c:blr
|
| 999 |
|
|
|a MARS
|
| 999 |
f |
f |
|s 7b59d9c4-35be-39a6-b48b-14032070c28b
|i 39105858-cb46-37ca-9532-a8fc68902509
|t 0
|
| 952 |
f |
f |
|p ric
|a Texas A&M University
|b Rellis Campus
|c Joint Library Facility
|d Remote Storage
|t 0
|e TD171.5.S9 E58 1998
|h Library of Congress classification
|i unmediated -- volume
|m A14822263964
|
| 998 |
f |
f |
|a TD171.5.S9 E58 1998
|t 0
|l Remote Storage
|